| 000 | 00839nam0a2200241 4500 | ||
|---|---|---|---|
| 001 | RU\NLR\BIBL_A\011334995 | ||
| 005 | 20260407070201.0 | ||
| 035 | _a(NLR Aleph) 011334995 | ||
| 090 |
_a11156181 _c11156181 |
||
| 100 | _a20170227d1960 |||y0rusy50 ca | ||
| 101 | 0 | _aalt | |
| 102 | _aRU | ||
| 105 | _ay z 000 y | ||
| 200 | 1 |
_aОзочылдар _f[ред. Л. В. Кокышев] |
|
| 210 |
_aГорно-Алтайск _cТуулу Алт. бичиктер чыг. изд-возы _d1960 |
||
| 215 |
_a61,[2] с. _d21 |
||
| 541 | 1 |
_aПередовики _zrus |
|
| 686 | 1 | _aШ6(2=Алт)7-46 | |
| 702 | 1 |
_4340 _8rus _7ca _aКокышев _bЛ. В. _gЛазарь Васильевич _f1933-1975 _3RU\NLR\auth-onl\77317 _9130375 |
|
| 852 |
_aNLR _bОНЛ _jАлт./3-491 |
||
| 942 | _cBOOK | ||
| 980 | _aNB | ||